Authors by Country - Statistics

General Stats
  • This quiz has been taken 32,258 times
    26,741 since last reset
  • The average score is 14 of 21
Answer Stats
Author Country % Correct
Leo Tolstoy Russia
97%
Agatha Christie United Kingdom
96%
Homer Greece
94%
Miguel de Cervantes Spain
93%
Harper Lee United States
93%
Günter Grass Germany
90%
Dante Italy
90%
Victor Hugo France
88%
Hans Christian Andersen Denmark
85%
James Joyce Ireland
82%
Stieg Larsson Sweden
80%
Gabriel García Márquez Colombia
60%
Paulo Coelho Brazil
53%
Franz Kafka Czech Republic
52%
Pablo Neruda Chile
46%
Salman Rushdie India
46%
Khaled Hosseini Afghanistan
44%
Jorge Luis Borges Argentina
42%
Orhan Pamuk Turkey
33%
José Saramago Portugal
32%
Alan Paton South Africa
19%
No matching quizzes found
Score Distribution
Percent of People with Each Score
Percentile by Number Answered
Your Score History
You have not taken this quiz since the last reset